000 00618cam a22002054a 4500
005 20250605164300.0
008 250528s ||||||||||||||||||||||||d
035 _a22046
020 _a9789607964749
040 _aGR-AtMCL
_bgre
_dGR-AtMCL
_eAACR2
245 1 _aΟΜΟΦΥΛΟΦΙΛΙΑ, ΣΕΞΟΥΑΛΙΚΟΤΗΤΑ ΚΑΙ Η ΠΑΛΗ ΓΙΑ ΤΗΝ ΑΠΕΛΕΥΘΕΡΩΣΗ
250 _a1
260 _c2012
300 _a102
700 1 _aΜαρξιστικο Βιβλιοπωλειο
_97925
700 1 _aΤορπουζιδης Κωστας
_97926
942 _cBK
999 _c7102
_d7102